Anàlisi econòmica del centre de la regió metropolitana de Barcelona: economia del Pla estratègic metropolità de Barcelona / Joan Trullén i Rafael Boix economia del Pla estratègic metropolità de Barcelona / Joan Trullén i Rafael Boix
MARC
| LEADER | 00000nam a2200000Ia 4500 | ||
|---|---|---|---|
| 001 | 18242 | ||
| 008 | 160829s2006 xx 000 0 cat d | ||
| 020 | |a 84-9803-131-1 | ||
| 080 | |a M-5-264 | ||
| 100 | |a Trullén i Thomàs, Joan |9 34661 | ||
| 245 | |a Anàlisi econòmica del centre de la regió metropolitana de Barcelona: |b economia del Pla estratègic metropolità de Barcelona / Joan Trullén i Rafael Boix | ||
| 260 | |a Barcelona : |b Diputació de Barcelona, |c 2006 | ||
| 300 | |a 121 p. : |b taules ; |c 29 cm | ||
| 490 | |a Elements de debat territorial ; 24 | ||
| 590 | |a Bibliografia | ||
| 650 | |a Pla Estratègic Metropolità de Barcelona |x Aspectes econòmics |9 35255 | ||
| 650 | |a Ordenació del terrotori |x Barcelona (Àrea metropolitana) |x Aspectes econòmics |9 35256 | ||
| 650 | |a Barcelona (Àrea metropolitana) |x Política econòmica |9 35257 | ||
| 700 | |a Boix Domènech, Rafael |9 35258 | ||
| 710 | 1 | |a Barcelona (Catalunya : Província). |b Diputació |9 52408 | |
| 901 | |a Arxiu | ||
| 942 | |n 1 | ||
| 952 | |0 0 |1 0 |4 0 |6 M5264 |7 1 |9 46833 |a Arxiu |b Arxiu |d 2016-12-01 |l 0 |o M-5-264 |p 18242 |r 2016-12-01 00:00:00 |w 2016-12-01 |y ARXIU | ||
| 999 | |c 50626 |d 50626 | ||